000 00391cam a22001337a 4500
008 180718b1967 xxu||||| |||| 00| 0 eng d
082 _aR8x54 R141
100 _aRaman, N. Pattabhi
245 _aPolitical involvement of India's trade unions
_cby N. Pattabhi Raman
260 _aBombay
_bAsia
_c1967
300 _a203p.
650 _aTrade union policy-India
650 _aPolitical involvement
999 _c434916
_d434916